Premier League Chelsea - Estadísticas

Estadísticas generales
  • Esta prueba ha sido intentada 84 veces
    78 desde el último reinicio
  • La puntuación promedio es 5 de 10
Estadísticas de respuestas
# GOLES Respuesta
NACONALIDAD
% Correcto
2 104 DIDIER DROGBA COSTA DE MARFIL
99%
1 147 FRANK LAMPARD INGLATERRA
96%
3 85 HAZARD BELGICA
88%
7 52 DIEGO COSTA ESPAÑA
55%
5 59 GIANFRANCO ZOLA ITALIA
55%
9 38 NICOLÁS ANELKA FRANCIA
41%
6 54 EIDUR GUDJOHNSEN ISLANDIA
36%
10 37 COLE PALMER INGLATERRA
30%
8 41 JOHN TERRY INGLATERRA
30%
4 69 Floyd Hasselbaink PAISES BAJOS
17%
No se encontraron pruebas coincidentes
Distribución de puntuación
Porcentaje de gente con cada puntuación
Porcentaje por número respondido
Historial de tus puntuaciones
No has intentado esta prueba desde el último reinicio